| 000 | 00476nam a2200193Ia 4500 | ||
|---|---|---|---|
| 003 | OSt | ||
| 005 | 20230119100826.0 | ||
| 008 | 210210b1890 xxu||||| |||| 00| 0 eng d | ||
| 040 | _cAL | ||
| 041 | _aeng | ||
| 082 | _a823/358 | ||
| 100 |
_aSHAKESPEARE (William) _969311 |
||
| 245 | _aTragedy of King Richard II | ||
| 260 |
_aLondon _bMacmillan & Co. Ltd. _c1890 |
||
| 690 |
_aEnglish Drama _969312 |
||
| 700 |
_aDEIGHTON (K) _969313 |
||
| 906 | _a013902 | ||
| 942 |
_2ddc _cBK |
||
| 999 |
_c132971 _d132971 |
||